Civil Parishes of Cheshire on a Map - Statistics

General Stats
  • This quiz has been taken 9 times
  • The average score is 21 of 264
Answers on the Map
Answers color-coded by a green-red scale on the quiz's map according to % correct below.
 
Answer Stats
Answer % Correct
Sandbach
88%
Crewe
75%
Middlewich
75%
Alderley Edge
63%
Congleton
63%
Northwich
63%
Wilmslow
63%
Holmes Chapel
38%
Knutsford
38%
Macclesfield
38%
Nantwich
38%
Winsford
38%
Alsager
25%
Ashley
25%
Bollington
25%
Chester Castle
25%
Davenham
25%
Frodsham
25%
Hale
25%
Handforth
25%
Helsby
25%
Lymm
25%
Mobberley
25%
Moulton
25%
Neston
25%
Poynton with Worth
25%
Styal
25%
Tarporley
25%
Upton-by-Chester
25%
Warmingham
25%
Weaverham
25%
Adlington
13%
Anderton with Marbury
13%
Antrobus
13%
Appleton
13%
Aston
13%
Aston by Budworth
13%
Aston juxta Mondrum
13%
Barnton
13%
Beeston
13%
Bostock
13%
Brereton
13%
Bulkeley and Ridley
13%
Burland and Acton
13%
Burwardsley
13%
Byley
13%
Chelford
13%
Comberbach
13%
Cuddington
13%
Cuddington (Malpas Ward)
13%
Daresbury
13%
Delamere and Oakmere
13%
Disley
13%
Eaton
13%
Eaton and Eccleston
13%
Farndon
13%
Grappenhall and Thelwall
13%
Great Budworth
13%
Great Warford
13%
Hartford
13%
Haslington
13%
Hassall
13%
Kelsall
13%
Kingsley
13%
Kingsmead
13%
Lach Dennis and Lostock Green
13%
Leighton
13%
Little Budworth
13%
Littleton
13%
Lostock Gralam
13%
Macclesfield Forest and Wildboarclough
13%
Malpas
13%
Manley
13%
Marbury and District
13%
Marston
13%
Minshull Vernon
13%
Moston
13%
Mouldsworth
13%
Nether Alderley
13%
Nether Peover
13%
Norley
13%
Peckforton
13%
Peover Superior and Snelson
13%
Pickmere
13%
Plumley
13%
Pott Shrigley
13%
Preston Brook
13%
Rainow
13%
Rixton-with-Glazebrook
13%
Rudheath
13%
Shavington cum Gresty
13%
Stockton Heath
13%
Stretton
13%
Sutton
13%
Tabley Inferior
13%
Tabley Superior
13%
Tarvin
13%
Twemlow
13%
Weston and Crewe Green
13%
Whitegate and Marton
13%
Wincham
13%
Acton Bridge
0%
Agden
0%
Aldersey
0%
Aldford and Saighton
0%
Allostock
0%
Alpraham and Calveley
0%
Alvanley
0%
Arclid
0%
Ashton Hayes and Horton-cum-Peel
0%
Audlem
0%
Austerson
0%
Bache
0%
Backford
0%
Baddiley
0%
Baddington
0%
Barrow
0%
Barthomley
0%
Barton
0%
Betchton
0%
Bexton
0%
Bickerton
0%
Birchwood
0%
Bosley
0%
Bradwall
0%
Brindley
0%
Broomhall
0%
Broxton
0%
Buerton
0%
Bunbury
0%
Burtonwood and Westbrook
0%
Capenhurst
0%
Carden
0%
Chidlow
0%
Cholmondeley
0%
Cholmondeston
0%
Chorley (Wilmslow West and Chorley Ward)
0%
Chorley (Wrenbury Ward)
0%
Chorlton
0%
Chowley
0%
Christleton
0%
Church Lawton
0%
Church Minshull
0%
Churton
0%
Clotton Hoofield
0%
Clutton
0%
Coddington
0%
Coole Pilate
0%
Cranage
0%
Croft
0%
Croughton
0%
Crowton
0%
Cuerdley
0%
Culcheth and Glazebury
0%
Darnhall
0%
Dodcott cum Wilkesley
0%
Doddington and District
0%
Dodleston
0%
Duckington
0%
Duddon and Burton
0%
Dunham-on-the-Hill and Hapsford
0%
Dutton
0%
Egerton
0%
Elton
0%
Faddiley
0%
Gawsworth
0%
Golborne David
0%
Goostrey
0%
Great Boughton
0%
Great Sankey
0%
Guilden Sutton
0%
Halebank
0%
Handley
0%
Hankelow
0%
Hargrave and Huxley
0%
Harthill
0%
Hatherton
0%
Hatton
0%
Haughton
0%
Henbury
0%
Higher Hurdsfield
0%
High Legh
0%
Hough and Chorlton
0%
Hulme Walfield
0%
Huntington
0%
Ince
0%
Kettleshulme and Lyme Handley
0%
Lea-by-Backford
0%
Ledsham
0%
Little Bollington with Agden
0%
Little Leigh
0%
Little Stanney
0%
Little Warford
0%
Lower Withington
0%
Marthall
0%
Marton
0%
Mere
0%
Mickle Trafford and District
0%
Millington and Rostherne
0%
Mollington
0%
Moore
0%
Moreton cum Alcumlow
0%
Mottram St. Andrew
0%
Newbold Astbury
0%
Newhall
0%
No Man's Heath and District
0%
North Rode
0%
Odd Rode
0%
Ollerton
0%
Over Alderley
0%
Penketh
0%
Peover Inferior
0%
Poole
0%
Poulton and Pulford
0%
Poulton-with-Fearnhead
0%
Prestbury
0%
Puddington
0%
Rope
0%
Rowton
0%
Rushton
0%
Sandymoor
0%
Saughall and Shotwick Park
0%
Shocklach Oviatt and District
0%
Siddington
0%
Smallwood
0%
Somerford
0%
Somerford Booths
0%
Sound
0%
Sproston
0%
Spurstow
0%
Stanthorne and Wimboldsley
0%
Stapeley and District
0%
Stoak
0%
Stoke and Hurleston
0%
Sutton Weaver
0%
Swettenham
0%
Tattenhall and District
0%
Thornton-le-Moors
0%
Threapwood
0%
Tilston
0%
Tiverton and Tilstone Fearnall
0%
Toft
0%
Tushingham-cum-Grindley, Macefen and Bradley
0%
Utkinton and Cotebrook
0%
Walgherton
0%
Walton
0%
Wardle
0%
Waverton
0%
Wervin
0%
Wettenhall
0%
Whitley
0%
Wigland
0%
Willaston
0%
Willington
0%
Wincle
0%
Winwick
0%
Wistaston
0%
Woolstanwood
0%
Woolston
0%
Worleston
0%
Wrenbury cum Frith
0%
Wybunbury
0%
No matching quizzes found
Score Distribution
Percent of People with Each Score
Percentile by Number Answered
Your Score History
You have not taken this quiz